00628nam a22001697a 4500003000500000005001700005008000400022020001800026040002300044100002600067245007700093260002800170300005000198942007300248999001900321952011800340322820260527102350.0eng a9781788006965 aRDAbengcRDAdRDA 9199604aRachel Yankey aHow to be a footballer and other sports jobscRachel Yankey & Sol Linero aLondonbNosy Crowc2020 a31 pagesbColor illustrationsc29 centimeters 2ddccBOOKkJ 796mYANKw170xBusisiwe Dlaminiy170zBusisiwe Dlamini c798622d798621 00102ddc40708700aBADPLbBADPLcGENd2026-05-27l0ojJ 796 YANKp33228031002241r2026-05-27w2026-05-27yBOOK